Assessing the emerging SCIs (Record no. 76640)

MARC details
000 -LEADER
fixed length control field 01561cab a2200265 4500
001 - CONTROL NUMBER
control field ##L132804
008 - FIXED-LENGTH DATA ELEMENTS--GENERAL INFORMATION
fixed length control field 060309n2006 000 0 eng u
035 ## - SYSTEM CONTROL NUMBER
System control number (Sirsi) u132804
041 0# - LANGUAGE CODE
Language code of text/sound track or separate title eng
100 1# - MAIN ENTRY--PERSONAL NAME
Personal name Brewer, Kate
245 00 - TITLE STATEMENT
Title Assessing the emerging SCIs
260 ## - PUBLICATION, DISTRIBUTION, ETC.
Date of publication, distribution, etc. 2006
490 #0 - SERIES STATEMENT
Series statement Town & Country Planning
Volume/sequential designation 75(2) February 2006, 48-54(7)
520 ## - SUMMARY, ETC.
Summary, etc. Looks at current practice in the preparation of Statements of Community Involvement (SCIs) in northwest England and finds that the government commitment to community involvement in plan formulation is failing to deliver the mechanism needed for effective implementation. Covers the policy framework for community involvement, the criteria for assessment, the 21 draft SCIs assessed in the region, local authority consultation and the findings from the assessment. Concludes that there is still some way to go to ensure that real opportunities for community involvement are created and that the production of coherent and meaningful SCIs is undermined by a lack of resources and a skills deficiency within the planning service. Figures, charts and notes.
590 ## - LOCAL NOTE (RLIN)
Local note IKA132804
650 24 - SUBJECT ADDED ENTRY--TOPICAL TERM
Topical term or geographic name entry element PLANNING AND COMPULSORY PURCHASE ACT 2004
650 24 - SUBJECT ADDED ENTRY--TOPICAL TERM
Topical term or geographic name entry element PLANNING POLICY STATEMENT ONE
650 24 - SUBJECT ADDED ENTRY--TOPICAL TERM
Topical term or geographic name entry element PLANNING POLICY STATEMENT 12
650 24 - SUBJECT ADDED ENTRY--TOPICAL TERM
Topical term or geographic name entry element PLANNING POLICY STATEMENT 3
650 24 - SUBJECT ADDED ENTRY--TOPICAL TERM
Topical term or geographic name entry element STATEMENTS OF COMMUNITY INVOLVEMENT
651 #4 - SUBJECT ADDED ENTRY--GEOGRAPHIC NAME
Geographic name England
Chronological subdivision 886-
690 ## - LOCAL SUBJECT ADDED ENTRY--TOPICAL TERM (OCLC, RLIN)
Topical term or geographic name as entry element ENVIRONMENTAL AND LAND CONSULTANCY-PLANNING AND DEVELOPMENT-PLANNING REFORM
700 1# - ADDED ENTRY--PERSONAL NAME
Personal name Alexander, David
942 ## - ADDED ENTRY ELEMENTS (KOHA)
Suppress in OPAC 0
Holdings
Withdrawn status Lost status Source of classification or shelving scheme Damaged status Not for loan Home library Current library Shelving location Date acquired Total Checkouts Full call number Barcode Date last seen Copy number Price effective from Koha item type
    Dewey Decimal Classification     London London Journal article 09/03/2006   L132804 132804-1001 06/08/2019 1 06/08/2019 Journal article